ابراهيم العبدلي واقعية الاسلوب و شفافيته / (رقم التسجيلة. 142031)
[ عرض عادي ]
| 000 -LEADER | |
|---|---|
| fixed length control field | 00543nam a22001817a 4500 |
| 005 - DATE AND TIME OF LATEST TRANSACTION | |
| control field | 20251108175754.0 |
| 008 - FIXED-LENGTH DATA ELEMENTS--GENERAL INFORMATION | |
| fixed length control field | 250721s2021 xx 000 0 ara d |
| 082 14 - DEWEY DECIMAL CLASSIFICATION NUMBER | |
| Classification number | م/741.9563/عبد |
| 100 1# - MAIN ENTRY--PERSONAL NAME | |
| Personal name | العبدلي، ابراهيم |
| Relator term | مشرف |
| 245 10 - TITLE STATEMENT | |
| Title | ابراهيم العبدلي واقعية الاسلوب و شفافيته / |
| 264 1# - PRODUCTION, PUBLICATION, DISTRIBUTION, MANUFACTURE, AND COPYRIGHT NOTICE | |
| Place of production, publication, distribution, manufacture | عمان : |
| Name of producer, publisher, distributor, manufacturer | المؤلف، |
| Date of production, publication, distribution, manufacture, or copyright notice | 2021. |
| 300 ## - PHYSICAL DESCRIPTION | |
| Extent | 172ص. |
| 650 17 - SUBJECT ADDED ENTRY--TOPICAL TERM | |
| Topical term or geographic name as entry element | الرسومات |
| 650 17 - SUBJECT ADDED ENTRY--TOPICAL TERM | |
| Topical term or geographic name as entry element | الرسامون |
| 650 17 - SUBJECT ADDED ENTRY--TOPICAL TERM | |
| Topical term or geographic name as entry element | العراق |
| 942 ## - ADDED ENTRY ELEMENTS (KOHA) | |
| Source of classification or shelving scheme | Dewey Decimal Classification |
| Koha item type | مراجع |
| حالة السحب | حالة الفقدان | مصدر التصنيف | حالة التلف | غير قابل للإعارة | المكتبة الرئيسية | المكتبة الحالية | موقع الرف | تاريخ التزويد | الرقم المتسلسل | Total Checkouts | رقم الإستدعاء | الباركود | تاريخ آخر ظهور | تاريخ الفاتورة | نوع المادة (كوها) |
|---|---|---|---|---|---|---|---|---|---|---|---|---|---|---|---|
| Dewey Decimal Classification | Not For Loan | المكتبة المركزية | المكتبة المركزية | مراجع | 28/07/2025 | 1755323 | م/741.9563/عبد | PLD00491091 | 28/07/2025 | 28/07/2025 | مراجع | ||||
| Dewey Decimal Classification | المكتبة المركزية | المكتبة المركزية | مقتنيات قسم التزويد | 28/07/2025 | 1755324 | م/741.9563/عبد | 28/07/2025 | 28/07/2025 | مراجع | ||||||
| Dewey Decimal Classification | المكتبة المركزية | المكتبة المركزية | مقتنيات قسم التزويد | 28/07/2025 | 1755325 | م/741.9563/عبد | 28/07/2025 | 28/07/2025 | مراجع | ||||||
| Dewey Decimal Classification | Not For Loan | مكتبة أبو علندا العامة | مكتبة أبو علندا العامة | مراجع | 23/08/2021 | 1755327 | م/741.9563/عبد | PLD00491487 | 28/07/2025 | 23/08/2021 | مراجع | ||||
| Dewey Decimal Classification | Not For Loan | مكتبة أم قصير والمقابلين العامة | مكتبة أم قصير والمقابلين العامة | مراجع | 23/08/2021 | 1755326 | م/741.9563/عبد | PLD00491486 | 28/07/2025 | 23/08/2021 | مراجع | ||||
| Dewey Decimal Classification | Not For Loan | مكتبة الاميرة بديعة | مكتبة الاميرة بديعة | مراجع | 23/08/2021 | 1755330 | م/741.9563/عبد | PLD00491490 | 28/07/2025 | 23/08/2021 | مراجع | ||||
| Dewey Decimal Classification | Not For Loan | مكتبة الجويدة | مكتبة الجويدة | مراجع | 23/08/2021 | 1755328 | م/741.9563/عبد | PLD00491488 | 28/07/2025 | 23/08/2021 | مراجع | ||||
| Dewey Decimal Classification | Not For Loan | مكتبة الحسن العامة | مكتبة الحسن العامة | مراجع | 23/08/2021 | 1755329 | م/741.9563/عبد | PLD00491489 | 28/07/2025 | 23/08/2021 | مراجع | ||||
| Dewey Decimal Classification | Not For Loan | مكتبة صويلح العامة | مكتبة صويلح العامة | مراجع | 23/08/2021 | 1755331 | م/741.9563/عبد | PLD00491491 | 28/07/2025 | 23/08/2021 | مراجع |